[Event "Gibtelecom Masters"]
[Site "Gibraltar"]
[Date "2007.01.26"]
[Round "4.42"]
[White "Klokas, Konstantinos"]
[Black "Dzagnidze, Nana"]
[Result "0-1"]
[WhiteElo "2231"]
[BlackElo "2463"]
[PlyCount "80"]
[EventDate "2007.??.??"]

1. e4 c5 2. Nf3 d6 3. d4 cxd4 4. Nxd4 Nf6 5. Nc3 a6 6. Bc4 e6 7. Bb3 Nbd7 8. f4
Nc5 9. Qf3 b5 10. f5 b4 11. Na4 Nxb3 12. axb3 Bb7 13. fxe6 fxe6 14. O-O e5 15.
Ne6 Qe7 16. Nxf8 Rxf8 17. Bg5 Bxe4 18. Qxe4 Nxe4 19. Bxe7 Rxf1+ 20. Kxf1 Kxe7
21. Nb6 Rf8+ 22. Ke2 Nf6 23. Rxa6 d5 24. Ra7+ Kd6 25. Rxg7 Kc6 26. Na4 Ne4 27.
c3 bxc3 28. bxc3 Rb8 29. c4 d4 30. Rxh7 Rxb3 31. Rh6+ Kc7 32. Rh7+ Kd6 33. Rh6+
Kc7 34. Rh7+ Kd8 35. Rh8+ Ke7 36. Rh7+ Ke6 37. Rh6+ Kf5 38. Rb6 d3+ 39. Ke1 d2+
40. Ke2 Re3+ 0-1

[Event "Gibtelecom Masters"]
[Site "Gibraltar"]
[Date "2007.01.26"]
[Round "4.43"]
[White "Vijayalakshmi, Subbarama"]
[Black "Ashby, Anthony"]
[Result "1-0"]
[WhiteElo "2459"]
[BlackElo "2226"]
[PlyCount "43"]
[EventDate "2007.??.??"]

1. d4 f5 2. g3 g6 3. c4 Bg7 4. Bg2 Nf6 5. Nf3 c6 6. O-O d6 7. Nc3 O-O 8. Qc2
Qc7 9. b3 Na6 10. Ba3 Qa5 11. Qb2 Qc7 12. b4 Nb8 13. Qb3 h6 14. Rac1 Be6 15.
Rfd1 Bf7 16. d5 Nbd7 17. Nd4 Ne5 18. h3 Qc8 19. f4 Ned7 20. dxc6 bxc6 21. Nxc6
Qe8 22. Nb5 1-0

[Event "Gibtelecom Masters"]
[Site "Gibraltar"]
[Date "2007.01.26"]
[Round "4.44"]
[White "Soraas, Torben"]
[Black "Krush, Irina"]
[Result "0-1"]
[WhiteElo "2155"]
[BlackElo "2449"]
[PlyCount "74"]
[EventDate "2007.??.??"]

1. e4 c5 2. Nc3 Nc6 3. g3 g6 4. d3 Bg7 5. Be3 d6 6. Qd2 Nf6 7. Bh6 Bxh6 8. Qxh6
Nd4 9. Qd2 h5 10. h3 e5 11. Bg2 Be6 12. Nf3 Nxf3+ 13. Bxf3 h4 14. g4 Nh7 15.
Bg2 g5 16. Nd1 Nf8 17. Ne3 Ng6 18. Nf5 Nf4 19. O-O O-O 20. Kh2 Kh7 21. c4 Rb8
22. a4 Qc7 23. Rfb1 a6 24. a5 b6 25. axb6 Rxb6 26. Bf3 Rb3 27. Be2 Qb6 28. Ne3
Rb8 29. Ra2 a5 30. Nd1 Qb4 31. Qxb4 R8xb4 32. Bf1 Nxd3 33. Rxa5 Bxc4 34. Ne3
Be6 35. Bxd3 Rxd3 36. Rd1 Rxd1 37. Nxd1 Rxe4 0-1

[Event "Gibtelecom Masters"]
[Site "Gibraltar"]
[Date "2007.01.26"]
[Round "4.45"]
[White "Bellon, Juan"]
[Black "Tscharotschkin, Michael"]
[Result "1-0"]
[WhiteElo "2442"]
[BlackElo "2197"]
[PlyCount "65"]
[EventDate "2007.??.??"]

1. e4 e6 2. Nf3 d5 3. Nc3 Nf6 4. e5 Nfd7 5. d4 c5 6. dxc5 Bxc5 7. Bd3 Nc6 8.
Bf4 Be7 9. h4 a6 10. Qe2 d4 11. Ne4 Qa5+ 12. Ned2 Bb4 13. O-O Bxd2 14. Bxd2 Qc7
15. Rfe1 Nc5 16. b4 Nxd3 17. cxd3 b6 18. a4 Qd7 19. Ng5 Bb7 20. Qh5 Na7 21. b5
axb5 22. axb5 h6 23. Ne4 Bxe4 24. Rxe4 Rc8 25. Qg4 O-O 26. Rxd4 Qxb5 27. Rxa7
Qxe5 28. Bxh6 Ra8 29. Rdd7 Rxa7 30. Rxa7 Kh7 31. Be3 Qb8 32. Qe4+ Kg8 33. Rb7
1-0

[Event "Gibtelecom Masters"]
[Site "Gibraltar"]
[Date "2007.01.26"]
[Round "4.46"]
[White "Menon, Shanker"]
[Black "Bradford, Joseph"]
[Result "0-1"]
[WhiteElo "2194"]
[BlackElo "2442"]
[PlyCount "86"]
[EventDate "2007.??.??"]

1. d4 Nf6 2. Nf3 e6 3. g3 b6 4. Bg2 Bb7 5. O-O c5 6. c3 Be7 7. Bf4 O-O 8. Nbd2
Nd5 9. Bxb8 Rxb8 10. e4 Nf6 11. Qe2 d6 12. Rfe1 cxd4 13. Nxd4 Nd7 14. a4 a6 15.
f4 Qc7 16. Bf1 Rfe8 17. Qg4 Bf8 18. Bd3 e5 19. Nf5 g6 20. Ne3 Nf6 21. Qf3 d5
22. exd5 exf4 23. gxf4 Rxe3 24. Rxe3 Bc5 25. c4 Ng4 26. Nf1 Nxe3 27. Nxe3 Re8
28. Re1 Qe7 29. Kf2 Bc8 30. Qg3 Kh8 31. Re2 Bd7 32. Bc2 b5 33. axb5 axb5 34. b3
bxc4 35. bxc4 Bb6 36. f5 Qa3 37. Qf4 Qc3 38. Be4 gxf5 39. Qd6 Qd4 40. Kf1 f4
41. Rd2 Bh3+ 42. Bg2 Bxg2+ 43. Rxg2 Qa1+ 0-1

[Event "Gibtelecom Masters"]
[Site "Gibraltar"]
[Date "2007.01.26"]
[Round "4.47"]
[White "Arakhamia, Ketevan"]
[Black "Andreassen, Lars"]
[Result "1-0"]
[WhiteElo "2437"]
[BlackElo "2160"]
[PlyCount "105"]
[EventDate "2007.??.??"]

1. e4 e5 2. Nf3 Nc6 3. Bb5 a6 4. Ba4 Nf6 5. d3 b5 6. Bb3 d6 7. c3 Be7 8. Nbd2
O-O 9. Nf1 Na5 10. Bc2 c5 11. Ng3 g6 12. O-O Bg4 13. h3 Bd7 14. Bh6 Re8 15. Qd2
Rb8 16. a3 Be6 17. b4 Nc6 18. Ng5 Bf8 19. Nxe6 fxe6 20. Bg5 Bg7 21. Ne2 Rb7 22.
Qe3 c4 23. a4 d5 24. axb5 d4 25. Qc1 axb5 26. dxc4 d3 27. Rd1 bxc4 28. Ba4 Qc7
29. Ng3 Rc8 30. Bxc6 Qxc6 31. Qe3 Ne8 32. Ra5 Nd6 33. Rc5 Qa4 34. Rxc8+ Nxc8
35. Rc1 Bf8 36. Nf1 Qa3 37. Qe1 Nd6 38. Nd2 Rc7 39. Nf3 Bg7 40. Ra1 Qb2 41. Bd2
h6 42. Ra8+ Rc8 43. Ra6 Nb5 44. Rxe6 Ra8 45. Kh2 Nd4 46. cxd4 exd4 47. e5 Rf8
48. Rxg6 Kh8 49. Qe4 Rxf3 50. Qxf3 Qxd2 51. Qf7 Bxe5+ 52. g3 Qxf2+ 53. Qxf2 1-0

[Event "Gibtelecom Masters"]
[Site "Gibraltar"]
[Date "2007.01.26"]
[Round "4.48"]
[White "Dekker, Alain"]
[Black "Rajlich, Iweta"]
[Result "1/2-1/2"]
[WhiteElo "2144"]
[BlackElo "2428"]
[PlyCount "124"]
[EventDate "2007.??.??"]

1. e4 e6 2. d4 d5 3. Nc3 Bb4 4. e5 c5 5. a3 Bxc3+ 6. bxc3 Nc6 7. Qg4 g6 8. Bd3
Qa5 9. Bd2 c4 10. Be2 Bd7 11. Nh3 O-O-O 12. O-O f5 13. Qh4 h6 14. Rfd1 Nge7 15.
f4 g5 16. Qe1 Rdg8 17. a4 Ng6 18. Rdb1 Nd8 19. Rb4 Nf7 20. Bh5 Rg7 21. Kh1 Bc6
22. Qd1 Qd8 23. a5 g4 24. Ng1 Qh4 25. Bxg6 Rxg6 26. a6 b6 27. Ne2 g3 28. h3 Ng5
29. fxg5 hxg5 30. Qe1 f4 31. Qf1 Qg4 32. Ng1 Rgh6 33. Qf3 Rxh3+ 34. Nxh3 Rxh3+
35. Kg1 Qxf3 36. gxf3 Rh2 37. Be1 Kc7 38. Rd1 Rxc2 39. Rbb1 Be8 40. Bd2 Bh5 41.
Rbc1 Rb2 42. Rb1 Ra2 43. Ra1 Rxd2 44. Rxd2 Bxf3 45. Raa2 b5 46. Rdb2 Kb6 47.
Rb4 Be4 48. Rab2 f3 49. Rxb5+ Kxa6 50. R5b4 f2+ 51. Rxf2 gxf2+ 52. Kxf2 Bf5 53.
Kg3 Ka5 54. Kf3 Ka6 55. Ke3 Ka5 {Ka6} 56. Rb8 {Ka5 Rb7} Ka6 {Rg7 g4} 57. Kd2 {
Kb6 Kc1 a6 Kb2 Kb5 Ka3} Ka5 58. Rb7 Be4 59. Rg7 Bf5 60. Rg8 Kb5 61. Rb8+ Ka5
62. Rg8 Kb5 1/2-1/2

[Event "Gibtelecom Masters"]
[Site "Gibraltar"]
[Date "2007.01.26"]
[Round "4.49"]
[White "Swinkels, Robin"]
[Black "Dawson, Jeff"]
[Result "1-0"]
[WhiteElo "2428"]
[BlackElo "2027"]
[PlyCount "97"]
[EventDate "2007.??.??"]

1. e4 d5 2. exd5 Qxd5 3. Nc3 Qa5 4. d4 c6 5. Nf3 Bf5 6. Bc4 e6 7. Bd2 Qc7 8.
Qe2 Be7 9. O-O-O Nf6 10. Ne5 Nbd7 11. Bb3 Nxe5 12. dxe5 Nd7 13. g4 Bg6 14. f4
Nc5 15. Rhf1 Nxb3+ 16. axb3 h6 17. f5 Bh7 18. Bf4 Rd8 19. Ne4 Qa5 20. Kb1 Rd5
21. Rxd5 cxd5 22. Nd6+ Bxd6 23. exd6 Qa6 24. Qxa6 bxa6 25. fxe6 fxe6 26. Be5
Rg8 27. Rf3 d4 28. Bxd4 Kd7 29. Be5 Bg6 30. Rc3 Rc8 31. Rxc8 Kxc8 32. Bxg7 h5
33. gxh5 Bxh5 34. Be5 Kd7 35. Kc1 a5 36. Kd2 Bf3 37. c3 Bd5 38. h4 Bf3 39. Ke3
Bh5 40. Kf4 Bd1 41. Kg5 Ke8 42. h5 Kf7 43. h6 Bc2 44. Bf6 Ke8 45. Bd4 Kf7 46.
Be5 Bd3 47. c4 a6 48. c5 Kg8 49. d7 1-0

[Event "Gibtelecom Masters"]
[Site "Gibraltar"]
[Date "2007.01.26"]
[Round "4.50"]
[White "Compton, Alistair"]
[Black "Harika, Dronavalli"]
[Result "0-1"]
[WhiteElo "2093"]
[BlackElo "2421"]
[PlyCount "136"]
[EventDate "2007.??.??"]

1. e4 c5 2. Nc3 g6 3. f4 Bg7 4. Nf3 d6 5. Bc4 Nc6 6. O-O Nf6 7. f5 e6 8. fxe6
fxe6 9. d3 O-O 10. Qe1 Na5 11. Bg5 h6 12. Bd2 d5 13. exd5 Nxc4 14. dxc4 exd5
15. cxd5 Bf5 16. Qh4 Ne4 17. Nxe4 Qxh4 18. Nxh4 Bxe4 19. c3 g5 20. Rxf8+ Bxf8
21. Re1 Bxd5 22. Ng6 Bxa2 23. Nxf8 Rxf8 24. h4 Rf5 25. hxg5 hxg5 26. Re7 Bd5
27. Be3 Bc6 28. b4 cxb4 29. cxb4 a6 30. Rc7 Rb5 31. Bd2 Rd5 32. Be1 Rd1 33. Kf2
Rb1 34. g3 g4 35. Re7 Bf3 36. Kf1 Kf8 37. Rd7 Ke8 38. Rd4 Ke7 39. Kf2 Ke6 40.
Bd2 Ke5 41. Bc3 Rb3 42. Rc4+ Kd5 43. Rd4+ Kc6 44. Rc4+ Kd5 45. Rd4+ Ke6 46. Bd2
Ke5 47. Rd8 Bc6 48. Rf8 Ke4 49. Be1 Kd3 50. Rd8+ Kc4 51. Rf8 Rb2+ 52. Ke3 Bf3
53. Rc8+ Kb3 54. Bd2 Bc6 55. Rg8 Kc2 56. Rd8 Rb1 57. Kf2 Rb3 58. Be1 Rf3+ 59.
Kg1 Bb5 60. Bf2 Rb3 61. Be1 Rf3 62. Bf2 Kc3 63. Be1+ Kb3 64. Kg2 Re3 65. Bd2
Bc6+ 66. Kh2 Re2+ 67. Kg1 Rg2+ 68. Kf1 Rxg3 0-1

[Event "Gibtelecom Masters"]
[Site "Gibraltar"]
[Date "2007.01.26"]
[Round "4.51"]
[White "Vinas Guerrero, Carlos"]
[Black "Aaberg, Anton"]
[Result "0-1"]
[WhiteElo "2124"]
[BlackElo "2400"]
[PlyCount "80"]
[EventDate "2007.??.??"]

1. e4 c6 2. d4 d5 3. Nc3 dxe4 4. Nxe4 Nd7 5. Nf3 Ngf6 6. Nxf6+ Nxf6 7. Bc4 e6
8. O-O c5 9. Be3 cxd4 10. Bxd4 Bd6 11. Qe2 O-O 12. Rfd1 Qc7 13. Rd2 Bf4 14. Be5
Bxe5 15. Nxe5 b6 16. Rad1 Bb7 17. Nd7 Nxd7 18. Rxd7 Qc6 19. f3 Qc5+ 20. Kh1 Bc6
21. R7d4 g6 22. Rd6 Rac8 23. R6d4 e5 24. b4 Qxd4 25. Rxd4 exd4 26. Bd3 Rfe8 27.
Qf2 Bd5 28. h3 Bc4 29. Qxd4 Bxd3 30. Qxd3 Re7 31. h4 h5 32. Kh2 Rec7 33. Qa6
Rd8 34. Kg3 Rd4 35. Qe2 Rxb4 36. Qe8+ Kh7 37. c3 Rbc4 38. Qf8 Rxc3 39. Kf4
R3c4+ 40. Kg5 f6+ 0-1

[Event "Gibtelecom Masters"]
[Site "Gibraltar"]
[Date "2007.01.26"]
[Round "4.54"]
[White "Agdestein, Emil"]
[Black "Schuurman, Petra"]
[Result "1/2-1/2"]
[WhiteElo "2116"]
[BlackElo "2275"]
[PlyCount "89"]
[EventDate "2007.??.??"]

1. e4 c5 2. Nc3 e6 3. f4 Nc6 4. Nf3 a6 5. d3 d5 6. e5 b5 7. g3 Nge7 8. Bg2 Nf5
9. O-O h5 10. a4 b4 11. Ne2 Rb8 12. b3 d4 13. h3 Bb7 14. Qe1 Be7 15. Qf2 Qc7
16. Bd2 Kd7 17. Rae1 Rbf8 18. Kh1 Bd8 19. Ng5 Nce7 20. Bxb7 Qxb7+ 21. Ne4 Bb6
22. Qg2 Qc6 23. Ng1 Nd5 24. Nd6 Nfe3 25. Bxe3 Nxe3 26. Qxc6+ Kxc6 27. Rf2 Bc7
28. Nc4 Nf5 29. Kg2 Rh6 30. Rf3 Rg8 31. h4 Kd5 32. Nh3 f6 33. Kh2 Rg6 34. Re2
Re8 35. Re1 Rf8 36. Re2 Nh6 37. Nf2 Ng4+ 38. Nxg4 hxg4 39. Rf1 Rh6 40. Kg2 Rh5
41. exf6 gxf6 42. Ree1 Re8 43. Re2 f5 44. Rfe1 Re7 45. Ne5 1/2-1/2

[Event "Gibtelecom Masters"]
[Site "Gibraltar"]
[Date "2007.01.26"]
[Round "4.55"]
[White "Wallace, Paul"]
[Black "Savory, Richard"]
[Result "1/2-1/2"]
[WhiteElo "2274"]
[BlackElo "2119"]
[PlyCount "79"]
[EventDate "2007.??.??"]

1. e4 c5 2. Nc3 d6 3. Nf3 Nf6 4. d4 cxd4 5. Nxd4 a6 6. f4 Qc7 7. Bd3 e5 8. Nf3
Be7 9. O-O Nbd7 10. a4 O-O 11. Kh1 exf4 12. Bxf4 Ne5 13. Nxe5 dxe5 14. Bg5 Be6
15. Qe1 Nh5 16. Bd2 Nf4 17. Bxf4 exf4 18. Nd5 Bxd5 19. exd5 Bd6 20. Qe4 g6 21.
Rae1 Qd7 22. Qd4 Rae8 23. b3 Rxe1 24. Rxe1 Re8 25. Re4 Rxe4 26. Qxe4 Qe7 27.
Qxe7 Bxe7 28. Kg1 Kg7 29. a5 Bd6 30. c3 Be5 31. d6 Bxc3 32. Be4 Bxa5 33. Bxb7
Bb6+ 34. Kf1 a5 35. Ke2 Kf6 36. Bd5 Ke5 37. Bxf7 Kxd6 38. Bg8 h6 39. Bf7 g5 40.
Kf3 1/2-1/2

[Event "Gibtelecom Masters"]
[Site "Gibraltar"]
[Date "2007.01.26"]
[Round "4.56"]
[White "Navarro Torres, Pedro"]
[Black "Thurlow, Kevin"]
[Result "1-0"]
[WhiteElo "2235"]
[BlackElo "2119"]
[PlyCount "53"]
[EventDate "2007.??.??"]

1. e4 c5 2. Nc3 Nc6 3. f4 e6 4. Nf3 Nge7 5. Bb5 g6 6. O-O Bg7 7. d3 O-O 8. Bxc6
dxc6 9. Qe1 f5 10. Kh1 b6 11. Qh4 a5 12. a4 Ra7 13. Be3 Bd4 14. Ng5 h5 15. Rae1
Kg7 16. Nd1 Bf6 17. e5 Bxg5 18. Qxg5 Nd5 19. Qxd8 Rxd8 20. Bf2 Ba6 21. Bh4 Rdd7
22. b3 Ra8 23. Nb2 Kf7 24. Kg1 Rg8 25. Re2 Nxf4 26. Rxf4 g5 27. Rxf5+ 1-0

[Event "Gibtelecom Masters"]
[Site "Gibraltar"]
[Date "2007.01.26"]
[Round "4.57"]
[White "Urbina Perez, Juan"]
[Black "Prasanna, Rao"]
[Result "1-0"]
[WhiteElo "2114"]
[BlackElo "2234"]
[PlyCount "65"]
[EventDate "2007.??.??"]

1. e4 e5 2. Nf3 Nc6 3. Bb5 a6 4. Ba4 Nf6 5. Qe2 b5 6. Bb3 Be7 7. c3 O-O 8. d4
d6 9. Nbd2 Bg4 10. Qe3 h6 11. O-O Re8 12. Rd1 Qc8 13. Nf1 Bf8 14. Ng3 Na5 15.
Bc2 Nh5 16. h3 exd4 17. cxd4 Nc4 18. Qd3 Nxg3 19. fxg3 Bd7 20. b3 Nb6 21. d5 g6
22. Bb2 Bg7 23. Bxg7 Kxg7 24. Qd4+ Kg8 25. a4 bxa4 26. bxa4 a5 27. e5 dxe5 28.
Nxe5 Bf5 29. Bxf5 Qxf5 30. Ng4 Qg5 31. Nf6+ Kf8 32. Nxe8 Kxe8 33. d6 1-0

[Event "Gibtelecom Masters"]
[Site "Gibraltar"]
[Date "2007.01.26"]
[Round "4.58"]
[White "Arsenault, Nicolas"]
[Black "Ramaswamy, Aarthie"]
[Result "0-1"]
[WhiteElo "2112"]
[BlackElo "2224"]
[PlyCount "79"]
[EventDate "2007.??.??"]

1. e4 c5 2. Nf3 Nc6 3. d4 cxd4 4. Nxd4 Nf6 5. Nc3 d6 6. g3 g6 7. Bg2 Nxd4 8.
Qxd4 Bg7 9. h3 O-O 10. Qd3 Nd7 11. O-O Nc5 12. Qe2 Bd7 13. Be3 Bc6 14. Rad1 Qa5
15. Bd4 Bxd4 16. Rxd4 Qb6 17. Nd5 Bxd5 18. Rxd5 Qxb2 19. e5 Qxa2 20. exd6 exd6
21. Rxd6 Rae8 22. Qd1 Qb2 23. h4 b6 24. h5 Qe5 25. Bf3 Qg5 26. Kg2 Ne6 27. Rh1
Rd8 28. hxg6 Nf4+ 29. Kf1 Nxg6 30. Rh5 Rxd6 31. Qxd6 Rd8 32. Qc7 Qe7 33. Qc3
Qd6 34. Rd5 Qe7 35. Rf5 Qe6 36. Rh5 a5 37. Qc7 Rc8 38. Qb7 Rxc2 39. Kg2 Qe3 40.
Qe7 0-1

[Event "Gibtelecom Masters"]
[Site "Gibraltar"]
[Date "2007.01.26"]
[Round "4.59"]
[White "Tredinnick, Malcolm"]
[Black "Hickman, John"]
[Result "1-0"]
[WhiteElo "2209"]
[BlackElo "2052"]
[PlyCount "53"]
[EventDate "2007.??.??"]

1. c4 d6 2. g3 e5 3. Bg2 f5 4. Nc3 Nf6 5. d4 Be7 6. Nf3 e4 7. Ng5 c6 8. Nh3 Na6
9. Bg5 O-O 10. e3 Nc7 11. d5 b5 12. cxb5 cxb5 13. Nf4 Bd7 14. Qd2 Ng4 15. Bxe7
Qxe7 16. h4 Ne5 17. Qd1 Na6 18. O-O Nc5 19. Nce2 Ncd3 20. Nxd3 Nxd3 21. Qd2 a5
22. Nd4 Qf6 23. f3 Qg6 24. Kh2 b4 25. f4 Qf7 26. Rg1 Qxd5 27. Qxd3 1-0

[Event "Gibtelecom Masters"]
[Site "Gibraltar"]
[Date "2007.01.26"]
[Round "4.61"]
[White "Nordstrom, Felix"]
[Black "Obers, Frits"]
[Result "1-0"]
[WhiteElo "2199"]
[BlackElo "2071"]
[PlyCount "31"]
[EventDate "2007.??.??"]

1. d4 Nf6 2. c4 e6 3. Nc3 d5 4. Bg5 Be7 5. e3 h6 6. Bh4 O-O 7. Nf3 b6 8. Rc1
Bb7 9. Bxf6 Bxf6 10. cxd5 exd5 11. b4 c6 12. Be2 a5 13. b5 c5 14. dxc5 bxc5 15.
O-O Qd6 16. Ne4 1-0

[Event "Gibtelecom Masters"]
[Site "Gibraltar"]
[Date "2007.01.26"]
[Round "4.62"]
[White "Van Kemenade, Rudi"]
[Black "Barrenechea, Gustavo"]
[Result "0-1"]
[WhiteElo "2048"]
[BlackElo "2191"]
[PlyCount "50"]
[EventDate "2007.??.??"]

1. f4 d5 2. Nf3 Bg4 3. Ne5 Bh5 4. g3 f6 5. Nf3 Nc6 6. Bg2 e5 7. d3 Bc5 8. c3
Qe7 9. b4 Bb6 10. b5 e4 11. Nh4 Na5 12. Nf5 Qf7 13. dxe4 O-O-O 14. Be3 dxe4 15.
Qc2 Bxe3 16. Nxe3 Nh6 17. h3 Nc4 18. Qxe4 Nd6 19. Qc2 Rhe8 20. Kf2 Nc4 21. Ng4
Bxg4 22. hxg4 Nxg4+ 23. Kg1 Nce3 24. Qa4 Rd1+ 25. Bf1 Rxf1# 0-1

[Event "Gibtelecom Masters"]
[Site "Gibraltar"]
[Date "2007.01.26"]
[Round "4.63"]
[White "Dunn, Andrew"]
[Black "Gonzalez Nunez, Millan"]
[Result "1-0"]
[WhiteElo "2190"]
[BlackElo "1940"]
[PlyCount "55"]
[EventDate "2007.??.??"]

1. d4 g6 2. c4 Bg7 3. Nc3 Nf6 4. e4 d6 5. f3 O-O 6. Be3 Nbd7 7. Qd2 e5 8. Nge2
Re8 9. d5 Nb6 10. b3 c6 11. g4 cxd5 12. cxd5 h5 13. h3 h4 14. Bg5 Nbd7 15. Nc1
a6 16. Nd3 b5 17. Rc1 b4 18. Nxb4 Bb7 19. Na4 Qa5 20. Nc6 Qxd2+ 21. Kxd2 Nh7
22. Be3 g5 23. Bd3 Bh6 24. Na5 Bc8 25. Rc7 Bf8 26. Rhc1 Be7 27. Nc6 Bf6 28. Na7
1-0

[Event "Gibtelecom Masters"]
[Site "Gibraltar"]
[Date "2007.01.26"]
[Round "4.64"]
[White "Osuna Vega, Enrique"]
[Black "Strand, Haakon"]
[Result "1/2-1/2"]
[WhiteElo "2177"]
[BlackElo "2015"]
[PlyCount "95"]
[EventDate "2007.??.??"]

1. e4 e5 2. d4 exd4 3. Bc4 Nc6 4. Nf3 Nf6 5. e5 d5 6. Bb5 Ne4 7. Nxd4 Bd7 8.
Bxc6 bxc6 9. O-O Bc5 10. f3 Ng5 11. Be3 Bb6 12. Qd2 Ne6 13. Nb3 O-O 14. f4 Qe7
15. Nc3 f6 16. f5 d4 17. Nxd4 Nxd4 18. Bxd4 fxe5 19. Bxb6 axb6 20. Qd3 Rad8 21.
Qe4 Qf6 22. g4 Be8 23. Qe2 Qh4 24. Ne4 c5 25. c3 Bc6 26. Nf2 Qf6 27. Rfe1 Rfe8
28. Rad1 g6 29. Ne4 Qh4 30. fxg6 hxg6 31. Rxd8 Rxd8 32. Rf1 Bxe4 33. Qxe4 Rd7
34. Qf3 Qe7 35. Qa8+ Kg7 36. Qf3 e4 37. Qf4 e3 38. Re1 e2 39. g5 Qe6 40. Qf6+
Qxf6 41. gxf6+ Kxf6 42. Rxe2 b5 43. Kf2 Rd3 44. Ke1 b4 45. Rc2 Rh3 46. Kf1 Rh8
47. cxb4 cxb4 48. a3 1/2-1/2

[Event "Gibtelecom Masters"]
[Site "Gibraltar"]
[Date "2007.01.26"]
[Round "4.65"]
[White "Stokes, Ivan"]
[Black "Steel, Henry"]
[Result "0-1"]
[WhiteElo "2041"]
[BlackElo "2175"]
[PlyCount "62"]
[EventDate "2007.??.??"]

1. e4 c5 2. Nf3 e6 3. Nc3 a6 4. d4 cxd4 5. Nxd4 Nc6 6. Nxc6 bxc6 7. Bd3 d5 8.
O-O Nf6 9. Re1 Be7 10. e5 Nd7 11. Qg4 g6 12. Na4 Rb8 13. b3 Qc7 14. Qe2 a5 15.
Bh6 Bf8 16. Bxf8 Kxf8 17. c4 Ba6 18. Rac1 Qa7 19. Qd2 dxc4 20. Bxc4 Bxc4 21.
Qd6+ Kg7 22. Rxc4 Rb5 23. Rxc6 Rd5 24. Qe7 Qd4 25. Rxe6 Rc8 26. h3 Rc2 27. Rf1
Qf4 28. Rd6 Rxe5 29. Qxd7 Re1 30. Qc6 Rxf1+ 31. Kxf1 Qxf2# 0-1

[Event "Gibtelecom Masters"]
[Site "Gibraltar"]
[Date "2007.01.26"]
[Round "4.66"]
[White "Wade, Robert"]
[Black "Barclay, Richard"]
[Result "1-0"]
[WhiteElo "2173"]
[BlackElo "1300"]
[PlyCount "75"]
[EventDate "2007.??.??"]

1. d4 d6 2. c4 e5 3. e3 Nc6 4. Nc3 Nf6 5. Nf3 Be7 6. dxe5 dxe5 7. Qxd8+ Bxd8 8.
a3 O-O 9. Be2 Re8 10. O-O b6 11. b4 Bb7 12. Bb2 e4 13. Nd2 Ne5 14. Nb5 a6 15.
Nd4 Be7 16. N2b3 Bf8 17. Rfd1 Rad8 18. c5 Bc8 19. Rac1 Bg4 20. f3 exf3 21. gxf3
Bc8 22. cxb6 cxb6 23. Kf2 Nd5 24. e4 Nf4 25. Bf1 Be7 26. Nf5 Bf6 27. Bxe5 Bxe5
28. Rxd8 Rxd8 29. Rxc8 Rxc8 30. Ne7+ Kf8 31. Nxc8 Bc7 32. Bxa6 Ne6 33. Bc4 Nd8
34. Nd4 Ke8 35. Bb5+ Kf8 36. h3 f6 37. Bd7 Kf7 38. Nb5 1-0

[Event "Gibtelecom Masters"]
[Site "Gibraltar"]
[Date "2007.01.26"]
[Round "4.67"]
[White "Dimitrijevic, Dragan"]
[Black "Mundaca, Juan"]
[Result "1-0"]
[WhiteElo "2037"]
[BlackElo "2167"]
[PlyCount "93"]
[EventDate "2007.??.??"]

1. e4 c5 2. c3 d5 3. exd5 Qxd5 4. d4 Bf5 5. Na3 Nc6 6. Nb5 O-O-O 7. Qf3 Be4 8.
Qg3 e5 9. Qh3+ f5 10. f3 Bc2 11. Na3 Nxd4 12. Bc4 Qd7 13. Bxg8 Rxg8 14. Bg5 Be7
15. Bxe7 Qxe7 16. cxd4 exd4+ 17. Kd2 Ba4 18. Qxf5+ Kb8 19. Re1 Qc7 20. Qe5 Bd7
21. Nc4 Rde8 22. Qxc7+ Kxc7 23. Ne5 Be6 24. b3 Kd6 25. f4 g5 26. Nd3 b5 27.
fxg5 c4 28. Nf4 Bf5 29. Rxe8 Rxe8 30. Nf3 c3+ 31. Kc1 Kc5 32. Re1 Rxe1+ 33.
Nxe1 a5 34. h3 b4 35. g4 Be4 36. Ned3+ Kd6 37. Nf2 Ke5 38. Nxe4 Kxe4 39. Ne6
Ke5 40. Nc5 Kf4 41. Kc2 Ke3 42. h4 Kf4 43. g6 hxg6 44. h5 gxh5 45. gxh5 Kg5 46.
Ne6+ Kxh5 47. Nxd4 1-0

[Event "Gibtelecom Masters"]
[Site "Gibraltar"]
[Date "2007.01.26"]
[Round "4.68"]
[White "McGrane, Stephen"]
[Black "Spence, David"]
[Result "0-1"]
[WhiteElo "2031"]
[BlackElo "2166"]
[PlyCount "122"]
[EventDate "2007.??.??"]

1. e4 e6 2. d4 d5 3. Nc3 Bb4 4. e5 c5 5. a3 Ba5 6. b4 cxd4 7. Nb5 Bc7 8. f4 Bd7
9. Nf3 Bxb5 10. Bxb5+ Nd7 11. O-O Ne7 12. Bd3 g6 13. Bb2 a6 14. Kh1 Rc8 15. Qe2
Nc6 16. Bxd4 Nxd4 17. Nxd4 Bb6 18. Nf3 Rc3 19. Qe1 Rc7 20. Qg3 Qe7 21. Qg4 Ba7
22. Rab1 Nb6 23. Ng5 Nc4 24. Bxc4 Rxc4 25. b5 axb5 26. Rxb5 h6 27. Nf3 O-O 28.
Qh3 Kg7 29. f5 gxf5 30. g3 Be3 31. Nh4 Bg5 32. Nf3 Rfc8 33. Qh5 Rxc2 34. Nd4
Rc1 35. Rxc1 Rxc1+ 36. Kg2 Qc7 37. Nf3 Rc2+ 38. Kh3 Be3 39. Rb3 Rc3 40. Rxc3
Qxc3 41. Qh4 Qxa3 42. Qf6+ Kg8 43. Qd8+ Qf8 44. Qd7 b6 45. Qc6 Bc5 46. Qa4 Qg7
47. Qe8+ Kh7 48. Kg2 Qf8 49. Qd7 Qe7 50. Qa4 Qd8 51. Nd4 Bxd4 52. Qxd4 Qc7 53.
Qb2 Qc5 54. g4 Qc4 55. gxf5 Qe4+ 56. Kg3 Qxf5 57. h3 b5 58. Qxb5 Qxe5+ 59. Kf3
Qf5+ 60. Kg3 d4 61. Qe8 e5 0-1

[Event "Gibtelecom Masters"]
[Site "Gibraltar"]
[Date "2007.01.26"]
[Round "4.69"]
[White "Campbell, Ian"]
[Black "Borvander, Tom"]
[Result "0-1"]
[WhiteElo "2008"]
[BlackElo "2162"]
[PlyCount "106"]
[EventDate "2007.??.??"]

1. d4 Nf6 2. Nf3 g6 3. e3 Bg7 4. Be2 O-O 5. O-O b6 6. c4 c5 7. Nc3 cxd4 8. Nxd4
Bb7 9. b3 Na6 10. Bb2 Nc5 11. Rc1 a5 12. Rc2 d6 13. Ndb5 Nfd7 14. Qd2 Ne5 15.
f4 Nc6 16. Bf3 Nb4 17. Bxb7 Nxb7 18. Rcc1 Nc5 19. Rcd1 Qd7 20. Ba1 Qb7 21. Qe2
a4 22. Nxa4 Nxa4 23. Bxg7 Kxg7 24. bxa4 Rxa4 25. a3 Na6 26. f5 f6 27. Rf4 Nc7
28. Qc2 Nxb5 29. Qxa4 Nc3 30. Qc2 Nxd1 31. Qxd1 Qc6 32. fxg6 hxg6 33. Qd3 Qc5
34. Rd4 Ra8 35. Qe4 Ra7 36. h4 Qe5 37. Qd3 Qg3 38. Qc3 Ra5 39. Qd3 Rh5 40. Re4
Qe1+ 41. Kh2 Rxh4+ 42. Rxh4 Qxh4+ 43. Kg1 Qe1+ 44. Kh2 Qa5 45. Qb3 Qc5 46. Kg3
f5 47. Kf3 Kf6 48. g3 Kg5 49. Qd3 e5 50. Kf2 f4 51. gxf4+ exf4 52. Kg2 Qxe3 53.
Qxd6 f3+ 0-1

[Event "Gibtelecom Masters"]
[Site "Gibraltar"]
[Date "2007.01.26"]
[Round "4.70"]
[White "Blikra Vea, Odin"]
[Black "Horton, Colin"]
[Result "1-0"]
[WhiteElo "2147"]
[BlackElo "1300"]
[PlyCount "41"]
[EventDate "2007.??.??"]

1. e4 e5 2. Nf3 Nc6 3. Bc4 g6 4. d4 exd4 5. c3 Bg7 6. cxd4 d6 7. O-O Nf6 8. Nc3
O-O 9. h3 a6 10. Qe2 b5 11. Bb3 Na5 12. Bc2 Re8 13. Re1 c5 14. dxc5 dxc5 15.
Bg5 Qd7 16. Bxf6 Bxf6 17. Nd5 Qc6 18. Rad1 Nc4 19. e5 Bg7 20. Be4 Nxe5 21. Nxe5
1-0

[Event "Gibtelecom Masters"]
[Site "Gibraltar"]
[Date "2007.01.26"]
[Round "4.71"]
[White "Jameson, David"]
[Black "Player, Edmund"]
[Result "1/2-1/2"]
[WhiteElo "1972"]
[BlackElo "2142"]
[PlyCount "91"]
[EventDate "2007.??.??"]

1. e4 e6 2. d4 d5 3. Nd2 Nf6 4. e5 Nfd7 5. c3 c5 6. Bd3 Nc6 7. Ne2 Qb6 8. Nf3
cxd4 9. cxd4 f6 10. exf6 Nxf6 11. O-O Bd6 12. Bf4 Bxf4 13. Nxf4 O-O 14. Re1
Qxb2 15. Nxe6 Bxe6 16. Rxe6 Rae8 17. Rxe8 Rxe8 18. Rb1 Qxa2 19. Rxb7 Ne4 20.
Bxe4 dxe4 21. Ne5 Rf8 22. Qb3+ Qxb3 23. Rxb3 Nxd4 24. Rb4 Rd8 25. h3 a5 26. Ra4
Rd5 27. Ng4 Ne2+ 28. Kh2 Nc3 29. Rc4 Nb5 30. Rxe4 Rd4 31. Re8+ Kf7 32. Rb8 Rd5
33. Rb7+ Ke6 34. Rxg7 a4 35. Rxh7 a3 36. Rh6+ Ke7 37. Ra6 Rd2 38. f4 a2 39. f5
Nc3 40. f6+ Kf8 41. Ra8+ Kf7 42. Ra7+ Ke6 43. Ra6+ Rd6 44. Ra7 Rd1 45. Ra6+ Rd6
46. Ra7 1/2-1/2